Steelers all-time best players - Statistics

General Stats
  • This quiz has been taken 426 times
    358 since last reset
  • The average score is 6 of 14
Answer Stats
Pos Answer % Correct
QB Ben Roethlisberger
98%
WR Antonio Brown
89%
RB Franco Harris
87%
DT Joe Greene
72%
S Troy Polamalu
65%
TE Heath Miller
63%
LB Jack Ham
42%
CB Mel Blount
40%
C Mike Webster
29%
K Gary Anderson
23%
EDGE L.C. Greenwood
14%
IOL Dermontti Dawson
11%
OT Jon Kolb
6%
P Bobby Walden
4%
No matching quizzes found
Score Distribution
Percent of People with Each Score
Percentile by Number Answered
Your Score History
You have not taken this quiz since the last reset